| 000 | 02590nam a2200277Ia 4500 | ||
|---|---|---|---|
| 003 | CO-CtgCURN | ||
| 005 | 20250407222108.0 | ||
| 008 | 190723s9999 xx 000 0 und d | ||
| 020 | _a9706133399 | ||
| 040 |
_aCO-CtgCURN _bspa _ccoctgcurn |
||
| 082 |
_a346 _bB576 |
||
| 100 |
_aBrugi, Biagio _98358 _eautor |
||
| 245 | 0 |
_aInstituciones de derecho civil : _bcon aplicación especial a todo el derecho privado/ _cBrugi, Biagio; traducción., Jaime Simo Bofarull |
|
| 260 |
_aMéxico : _bOxford, _c2000 |
||
| 300 |
_a451 páginas ; _c24 centímetros |
||
| 440 |
_aColección Grandes Clásicos del Derecho, Tercera Serie; _v4 _98359 |
||
| 500 | _aTraducción del alemán | ||
| 505 | _aCap.1. El sujeto de la relación jurídica -- Cap.2.Objeto de la relación jurídica -- Cap.3. Hechos constitutivos o extintivos de la relación jurídica -- Cap.4. Tutela de la relación jurídica -- Cap.5. El derecho de propiedad -- Cap.6. La posesión -- Cap.7. Modos de adquisición y de extinción de la propiedad -- Cap.8. Derecho sobre cosas de otro -- Cap.9. Los elementos de la relación jurídica de obligación -- Cap.10. Fuentes o causas de las obligaciones -- Cap.11. Los contratos que tienen nombre propio en el código y están regulados en este -- Cap.12. De la cesión se los créditos -- Cap.13. Aseguramiento de las obligaciones -- Cap.14. Cumplimiento y extinción de las obligaciones -- Cap.15. La familia legitima -- Cap.16. La familia natural -- Cap.17. La familia civil -- Cap.18. Instituciones jurídicas de protección y suplencia de la familia y para interdictos e inhabilitados -- Cap.19. La sucesión testamentaria -- Cap.20. La sucesión legitima -- Cap.21. Aceptación y renuncia de la herencia -- Cap.22. Relaciones jurídicas entre coherederos -- Cap.23. Tutela de la relación jurídica de herencia. | ||
| 520 | _aPara este autor es importante que a los jóvenes se les administre la menor cantidad posible del veneno sutil de las teorías y en cambio familiarizarlos con las palabras mismas de la ley, interpretada sabiamente no deben acostumbrarse añade el autor a venerar el código civil, o a tenerlo por inmutable y perfecto, sino que deben conocer cuales son lagunas e imperfecciones de la ley, las mejoras posibles y a la vez aprender a darle el valor histórico que merece | ||
| 521 | _aAREA PROFESIONAL | ||
| 590 | _aPrograma de Derecho_18 | ||
| 650 |
_aDerecho civil _98360 |
||
| 700 |
_a Bofarull Simo, Jaime _etraducción _98362 |
||
| 942 |
_cBK _h346 _iB576 _2ddc _n0 |
||
| 999 |
_c29055 _d29055 |
||